=LDR 00000nam 2200000 4500 =001 INLIS000000000018540 =990 ##$$a 93052/BPAP-NTB/2014 =005 20200225101352 =990 ##$$a 0464/PN/2014 =035 ##$$a 0010-061300000018540 =990 ##$$a 0528/PN/2014 =008 200225################g##########0#ind## =990 ##$$a 0001/BPAP-NTB/20142014 =041 ##$$a ind =990 ##$$a 0001/BPAP-NTB/20142014 =082 ##$$a 170.07 =990 ##$$a 0001/BPAP-NTB/20142015 =090 ##$$a 170.07, Bud p =100 ##$$a Budiningsih, c asri =245 1#$$a Pembelajaran moral /$c C asri budiningsih =260 ##$$a Jakarta :$b Rineka cipta,$c 2004 =300 ##$$a Viii, 115 hlm : $b Ilus ; $c 14 x 19 Cm =650 #4$$a Moral-Pembelajaran =850 ##$$a NBPNMAT =020 ##$$a 979-518-896-8 =084 ##$$a 170.07 BUD p =250 ##$$a Cet. 1 =990 ##$$a 0464/PN/2014 =990 ##$$a 0528/PN/2014 =990 ##$$a 93052/BPAP-NTB/2014 =990 ##$$a 0001/BPAP-NTB/20142014 =990 ##$$a 0001/BPAP-NTB/20142014 =990 ##$$a 0001/BPAP-NTB/20142015 =990 ##$$a 0464/PN/2014 =990 ##$$a 0528/PN/2014 =990 ##$$a 93052/BPAP-NTB/2014 =990 ##$$a 0001/BPAP-NTB/20142014 =990 ##$$a 0001/BPAP-NTB/20142014 =990 ##$$a 0001/BPAP-NTB/20142015 =990 ##$$a 0528/PN/2014 =990 ##$$a 0464/PN/2014 =990 ##$$a 93052/BPAP-NTB/2014 =990 ##$$a 0001/BPAP-NTB/20142014 =990 ##$$a 0001/BPAP-NTB/20142014 =990 ##$$a 0001/BPAP-NTB/20142015 =990 ##$$a 93052/BPAP-NTB/2014 =990 ##$$a 0464/PN/2014 =990 ##$$a 0528/PN/2014 =990 ##$$a 0001/BPAP-NTB/20142014 =990 ##$$a 0001/BPAP-NTB/20142014 =990 ##$$a 0001/BPAP-NTB/20142015